| 000 | 00856nas a2200265 4500 | ||
|---|---|---|---|
| 001 | BR9207861 | ||
| 003 | BR-BrBNA | ||
| 005 | 20231205093043.0 | ||
| 007 | ta | ||
| 008 | 230509b bl.|||p| |||| 00| 00por d | ||
| 040 |
_aBR-BrBNA _bpor _cBiblioteca Nacional de Agricultura |
||
| 041 | _a(Pt) | ||
| 072 | _aQ04 | ||
| 100 | 1 | _aSantos, A.C. | |
| 100 | 1 | _aBasso, L.C. | |
| 245 | 1 | _aComposicao quimica e qualidade nutricional do concentrado proteico de colza | |
| 246 | 1 | _aChemical composition and nutricional quality of rapeseed protein concentrate | |
| 650 | _aCOLZA | ||
| 650 | _aOLEO VEGETAL | ||
| 650 | _aCOMPOSICAO QUIMICA | ||
| 650 | _aVALOR NUTRITIVO | ||
| 773 | 0 |
_tArquivos de Biologia e Tecnologia (Brazil) _xISSN 0365-0979 _g(Dec 1990), v. 33(4) p. 879-893 _wBR9207861 |
|
| 909 |
_a202311 _bLúcia _c55 _dLúcia Elande |
||
| 942 |
_2AGRIS _n0 _cANA |
||
| 999 |
_c135912 _d135912 |
||